Passion & Glory: (Record no. 531438)

000 -LEADER
fixed length control field 00384nam a22001457a 4500
003 - CONTROL NUMBER IDENTIFIER
control field NUST
020 ## - INTERNATIONAL STANDARD BOOK NUMBER
International Standard Book Number 9789871316120
Qualifying information H/B.
038 ## - RECORD CONTENT LICENSOR
Staff Name waseem
082 ## - DEWEY DECIMAL CLASSIFICATION NUMBER
Classification number 796.353
Author Mark MIG
100 ## - MAIN ENTRY--PERSONAL NAME
Personal name Miguens, Luisa
9 (RLIN) 24122
245 ## - TITLE STATEMENT
Title Passion & Glory:
Remainder of title A Century of Argentine Polo /
Statement of responsibility, etc. Luisa Miguens
260 ## - PUBLICATION, DISTRIBUTION, ETC.
Place of publication, distribution, etc. Buenos Aires:
Name of publisher, distributor, etc. Letemendia casa,
Date of publication, distribution, etc. 2008.
300 ## - PHYSICAL DESCRIPTION
Extent 285 p. ;
942 ## - ADDED ENTRY ELEMENTS (KOHA)
Source of classification or shelving scheme
Koha item type Book
Holdings
Withdrawn status Lost status Source of classification or shelving scheme Damaged status Not for loan Permanent Location Current Location Date acquired Source of acquisition Full call number Barcode Date last seen Price effective from Koha item type
          Central Library (CL) Central Library (CL) 10/16/2019 Donation 796.353 MIG CL-D-703 10/16/2019 10/16/2019 Reference
© 2023 Central Library, National University of Sciences and Technology. All Rights Reserved.